000 00434nam a2200181Ia 4500
001 9634
005 20260306161733.0
008 260306t2001||||xx |||||||||||||| ||spa||
041 _aESP
082 _a384
_bO82
100 _aOSIPTEL
_eAUT
245 0 _aLa clasificación de los servicios de telecomunicación
260 _c2001
300 _a46 páginas :
_c21 cm.
650 _aGEN
654 _aCAN
942 _cLIB
_dJUS
_fJUS
_2ddc
_n
999 _c9634
_d9634